Flags of European Capital Cities - Statistics

General Stats
  • This quiz has been taken 136 times
  • The average score is 19 of 45
Answer Stats
Picture Answer % Correct
Vatican City
97%
Berlin
92%
Dublin
74%
City of San Marino
73%
Amsterdam
71%
London
71%
Bern
67%
Paris
65%
Stockholm
62%
Moscow
56%
Lisbon
55%
Madrid
50%
Monaco
50%
Rome
50%
Budapest
48%
Chișinău
48%
Kyiv
47%
Oslo
45%
Helsinki
44%
Athens
42%
Bucharest
41%
Copenhagen
38%
Minsk
36%
Warsaw
36%
Belgrade
32%
Andorra la Vella
30%
Ljubljana
30%
Pristina
30%
Sofia
30%
Prague
29%
Luxembourg City
27%
Vilnius
27%
Bratislava
24%
Podgorica
24%
Reykjavík
24%
Sarajevo
24%
Tirana
24%
Vienna
23%
Brussels
21%
Skopje
21%
Riga
20%
Tallinn
20%
Valletta
20%
Zagreb
20%
Vaduz
18%
No matching quizzes found
Score Distribution
Percent of People with Each Score
Percentile by Number Answered
Your Score History
You have not taken this quiz